[Event "Uljanovsk-ch sf"]
[Site "Uljanovsk"]
[Date "2007.02.17"]
[Round "8"]
[White "Alekseev, Evgeni"]
[Black "Fazlutdinov, Niyz"]
[Result "1-0"]
[WhiteElo "2133"]
[BlackElo "2031"]
[PlyCount "103"]
[EventDate "2007.02.10"]
[EventType "swiss"]
[EventRounds "9"]
[EventCountry "RUS"]
[SourceTitle "EXT 2019"]
[Source "ChessBase"]
[SourceDate "2018.10.10"]
[SourceVersion "1"]
[SourceVersionDate "2018.10.10"]
[SourceQuality "1"]

1. e4 c6 2. d3 d5 3. Nd2 e5 4. Ngf3 Bd6 5. Be2 Nf6 6. 0-0 0-0 7. c3 Re8 8. Re1 Nbd7 9. Qc2 Bf8 10. Nf1 b6 11. Ng3 g6 12. Bf1 Bb7 13. Bg5 h6 14. Bd2 Bg7 15. Rad1 Rc8 16. c4 Kh7 17. Bc3 d4 18. Bd2 Nf8 19. h4 N8d7 20. Be2 Nf8 21. Qc1 Qc7 22. Nh2 Ne6 23. Ng4 Ng8 24. Bf1 Rcd8 25. b4 c5 26. b5 Bc8 27. Nh2 Rf8 28. h5 Rde8 29. Ne2 Nf6 30. hxg6+ fxg6 31. g3 Nh5 32. Bh3 Qf7 33. Rf1 Qf6 34. Rde1 Rf7 35. Ng4 Qe7 36. Bxh6 Rf3 37. Bxg7 Qxg7 38. Qd2 Ref8 39. Nh2 R3f7 40. a4 Qf6 41. Ng4 Qg7 42. Nh2 Qf6 43. Bg2 g5 44. Bh3 Qg7 45. Bg4 Nf6 46. Bf5+ Kg8 47. g4 Nf4 48. Nxf4 Bxf5 49. exf5 gxf4 50. f3 Re8 51. Qg2 Qh6 52. g5 1-0

[Event "Uljanovsk U18"]
[Site "Uljanovsk"]
[Date "2006.12.25"]
[Round "8"]
[White "Fazlutdinov, Niyz"]
[Black "Saveliev, Dmitri"]
[Result "1-0"]
[WhiteElo "2059"]
[BlackElo "2050"]
[PlyCount "143"]
[EventDate "2006.12.18"]
[EventType "tourn"]
[EventRounds "11"]
[EventCountry "RUS"]
[SourceTitle "EXT 2019"]
[Source "ChessBase"]
[SourceDate "2018.10.10"]
[SourceVersion "1"]
[SourceVersionDate "2018.10.10"]
[SourceQuality "1"]

1. d4 Nf6 2. c4 g6 3. Nc3 Bg7 4. e4 d6 5. f3 0-0 6. Be3 Nc6 7. Nge2 e5 8. d5 Ne7 9. Qd2 Nd7 10. Nc1 f5 11. Bd3 f4 12. Bf2 b6 13. Bc2 a5 14. Nd3 Ba6 15. b3 Nc5 16. a3 Qc8 17. 0-0-0 Kh8 18. Kb2 Ng8 19. Ra1 Nd7 20. Nb5 Ngf6 21. a4 Ne8 22. Rac1 Bb7 23. Bd1 c5 24. Be2 Ba6 25. Nc3 Nef6 26. Kc2 Kg8 27. g3 g5 28. h4 h6 29. Rcg1 Kf7 30. Bf1 Rh8 31. Bh3 Qf8 32. Be6+ Ke7 33. gxf4 gxf4 34. Rg6 Ne8 35. Rhg1 Ndf6 36. Be1 Bc8 37. Bxc8 Rxc8 38. Qg2 Rg8 39. Qh3 Kd8 40. Nb5 Qe7 41. h5 Qd7 42. Qh1 Rb8 43. Bh4 Rf8 44. Bxf6+ Rxf6 45. Qh4 Qe7 46. Qg4 Rb7 47. Nf2 Rxg6 48. Qxg6 Qf6 49. Qxf6+ Bxf6 50. Rg6 Rg7 51. Rxg7 Bxg7 52. Ng4 Kd7 53. Kd3 Bf8 54. Ke2 Ng7 55. Nxh6 Nxh5 56. Nf5 Nf6 57. Kf2 Nh7 58. Kg2 Ng5 59. Nc3 Be7 60. Ne2 Bd8 61. Ng1 Kc7 62. Nh3 Nh7 63. Ng7 Nf8 64. Nf2 Nd7 65. Ne8+ Kb8 66. Nxd6 Be7 67. Nf7 Kc7 68. Ng4 Bd6 69. Kh3 Nb8 70. Nfxe5 Bxe5 71. Nxe5 Kd6 72. Nd3 1-0

[Event "Uljanovsk U18"]
[Site "Uljanovsk"]
[Date "2006.12.25"]
[Round "7"]
[White "Prikhodko, Anton"]
[Black "Fazlutdinov, Niyz"]
[Result "1/2-1/2"]
[WhiteElo "1967"]
[BlackElo "2059"]
[PlyCount "113"]
[EventDate "2006.12.18"]
[EventType "tourn"]
[EventRounds "11"]
[EventCountry "RUS"]
[SourceTitle "EXT 2019"]
[Source "ChessBase"]
[SourceDate "2018.10.10"]
[SourceVersion "1"]
[SourceVersionDate "2018.10.10"]
[SourceQuality "1"]

1. e4 c6 2. d4 d5 3. exd5 cxd5 4. c4 Nf6 5. Nc3 e6 6. Nf3 Bb4 7. Bd2 Nc6 8. c5 0-0 9. Bd3 b6 10. cxb6 axb6 11. a3 Bxc3 12. Bxc3 Ba6 13. 0-0 Bxd3 14. Qxd3 Qd6 15. b4 Rfc8 16. Rfc1 Ne4 17. Bb2 h6 18. g3 Rc7 19. Rc2 Rac8 20. Rac1 Na7 21. Nd2 Nxd2 22. Qxd2 Rxc2 23. Rxc2 Rxc2 24. Qxc2 Qc6 25. Qxc6 Nxc6 26. b5 Na5 27. Bc3 Nc4 28. Bb4 f5 29. f4 Kf7 30. Kf2 g6 31. Ke2 Ke8 32. h4 Kd7 33. Kd3 Kc7 34. Ke2 Kd7 35. Kf3 Kd8 36. Ke2 Kd7 37. Kd3 Kd8 38. Kc3 Ne3 39. Kb3 Kc7 40. a4 Nc4 41. Bf8 h5 42. Bb4 Kb7 43. Be1 Nd6 44. Kb4 Nc4 45. Kb3 Ne3 46. Bf2 Nc4 47. Be1 Nd6 48. Kb4 Nc4 49. Kb3 Kc7 50. Bb4 Kc8 51. Be1 Kc7 52. Bc3 Nd6 53. Be1 Kb7 54. Kb4 Nc4 55. Kb3 Ne3 56. Bf2 Nc4 57. Be1 1/2-1/2

[Event "Uljanovsk U18"]
[Site "Uljanovsk"]
[Date "2006.12.24"]
[Round "5"]
[White "Chikunov, Anatoliy"]
[Black "Fazlutdinov, Niyz"]
[Result "0-1"]
[WhiteElo "2008"]
[BlackElo "2059"]
[PlyCount "91"]
[EventDate "2006.12.18"]
[EventType "tourn"]
[EventRounds "11"]
[EventCountry "RUS"]
[SourceTitle "EXT 2019"]
[Source "ChessBase"]
[SourceDate "2018.10.10"]
[SourceVersion "1"]
[SourceVersionDate "2018.10.10"]
[SourceQuality "1"]

1. e4 c6 2. d4 d5 3. e5 Bf5 4. Nc3 e6 5. g4 Bg6 6. Nge2 c5 7. Be3 Nc6 8. f4 Qh4+ 9. Ng3 cxd4 10. Bxd4 Bb4 11. Bb5 h5 12. f5 Bh7 13. gxh5 Bxf5 14. Bf2 Bxc3+ 15. bxc3 Nge7 16. 0-0 Bg4 17. Qd2 Bxh5 18. Nxh5 Qxh5 19. Bg3 Nf5 20. Rxf5 Qxf5 21. Rb1 0-0 22. Rf1 Qh5 23. Qe3 Ne7 24. Bd3 b6 25. Kg2 Rac8 26. Rf3 Rxc3 27. Be1 Rxd3 28. cxd3 Nf5 29. Qf2 Rc8 30. Qb2 Qg4+ 31. Kf2 Qd4+ 32. Qxd4 Nxd4 33. Rf4 Rc2+ 34. Kf1 Nc6 35. Ra4 Rxh2 36. Kg1 Re2 37. Kf1 Rxe5 38. Rg4 Re3 39. Bc3 e5 40. Bd2 Rxd3 41. Bh6 g6 42. Bg5 Kg7 43. Rg2 d4 44. Rf2 f5 45. Rc2 Rc3 46. Rh2 0-1

[Event "Uljanovsk U18"]
[Site "Uljanovsk"]
[Date "2006.12.24"]
[Round "6"]
[White "Fazlutdinov, Niyz"]
[Black "Goncharov, Evgeniy"]
[Result "1-0"]
[WhiteElo "2059"]
[BlackElo "1902"]
[PlyCount "81"]
[EventDate "2006.12.18"]
[EventType "tourn"]
[EventRounds "11"]
[EventCountry "RUS"]
[SourceTitle "EXT 2019"]
[Source "ChessBase"]
[SourceDate "2018.10.10"]
[SourceVersion "1"]
[SourceVersionDate "2018.10.10"]
[SourceQuality "1"]

1. d4 Nf6 2. c4 e6 3. Nf3 Bb4+ 4. Bd2 Qe7 5. g3 b6 6. Bg2 Bb7 7. 0-0 Bxd2 8. Qxd2 0-0 9. Qc2 Be4 10. Qd2 a5 11. Nc3 c6 12. Nxe4 Nxe4 13. Qc2 d5 14. Ne5 Nd6 15. b3 f6 16. Nd3 Nd7 17. Rac1 Rac8 18. c5 Nb5 19. e3 e5 20. a4 Na7 21. Bh3 Rc7 22. Bxd7 Rxd7 23. cxb6 Nc8 24. Qxc6 Rd6 25. Qc5 Nxb6 26. Qxa5 exd4 27. exd4 Qe4 28. Qc5 Rfd8 29. Nf4 g5 30. Rfe1 Qf5 31. Ng2 Qd3 32. a5 Nc8 33. b4 h5 34. b5 h4 35. gxh4 gxh4 36. Qc2 Qf3 37. Qg6+ Kf8 38. Nxh4 Qf4 39. Rc7 R6d7 40. Rxd7 Rxd7 41. Re8# 1-0